00714nam a2200217Ia 450000500170000000800410001702000180005804100080007608200150008410000210009924500560012026000400017630000090021650000280022565000360025370000210028990600070031094200070031799900170032495201550034120251120131907.0230125s9999 xx 000 0 und d a9789380032092 aeng a158.1bBAR aBarnes M9215056 aTime to Think bSeize Control of Your Time and Life c2009bWestland PublicationsaMumbai a204p aPersonality Development aPersonality Development9213420 aBarnes M9215056 b59 cBK c90880d90880 00104070aHIMRbHIMRd2009-09-22eWord Book Shopg295.00i58l0o158.1 BAR B07697pHIMR-BK-7697r2023-01-25 00:00:00v236.00w2009-09-15yBKzB07697